Gminy powiatu koneckiego - Statystyki

Ogólne statystyki
  • Ten quiz został rozwiązany 57 razy
  • Średni wynik to 5 z 8
Statystyki odpowiedzi
Powierzchnia Nazwa % Poprawnych
250,14km² Końskie
97%
231,67km² Stąporków
77%
146,64km² Radoszyce
74%
132,37km² Fałków
68%
110,05km² Ruda Maleniecka
68%
100,96km² Gowarczów
61%
62,09km² Smyków
48%
105,80km² Słupia Konecka
26%
Nie znaleziono quizów pasujących do podanych kryteriów
Rozkład punktacji
Procent ludzi z każdym wynikiem
Percentyl według liczby udzielonych odpowiedzi
Twoja historia wyników
Nie rozwiązałeś tego quizu